01453nam a2200361Ia 4500001001200000003000800012006001900020007001500039008004100054010001700095020001500112020001800127020001800145040002100163035002100184050002400205245013500229260006100364300002500425490002900450504004100479533015200520650005000672650004300722650004200765650004100807655002900848700002600877710001700903830002800920856012600948999001701074ebr10554004CaPaEBRm u cr cn|||||||||060428s2007 laua sb 000 0 eng d z 2006014073 z0807132063 z9780807132067 z9780807148983 aCaPaEBRcCaPaEBR a(OCoLC)78161508114aJK2255b.P33 2007eb00aRewiring politicsh[electronic resource] :bpresidential nominating conventions in the media age /cedited by Costas Panagopoulos. aBaton Rouge :bLouisiana State University Press,cc2007. aviii, 212 p. :bill.1 aMedia and public affairs aIncludes bibliographical references. aElectronic reproduction.bPalo Alto, Calif. :cebrary,d2011.nAvailable via World Wide Web.nAccess may be limited to ebrary affiliated libraries. 0aMass mediaxPolitical aspectszUnited States. 0aNominations for officezUnited States. 0aPolitical conventionszUnited States. 0aPresidentszUnited StatesxElection. 7aElectronic books.2local1 aPanagopoulos, Costas.2 aebrary, Inc. 0aMedia & public affairs.40uhttp://site.ebrary.com/lib/rucke/Doc?id=10554004zAn electronic book accessible through the World Wide Web; click to view c90899d90899